000 00964nam a2200229 a 4500
001 83918
003 BD-RjUL
005 20240626123844.0
008 240626s1966 bg ||||| |||| 00| 0 ben d
035 _a(BD-RjUL)83918
040 _aBD-RjUL
_beng
_cBD-RjUL
041 _aben
082 _a818.5209
_bGUA 1966
100 _aগুর্কো, মিরিয়াম
_913347
245 _aঅশান্ত আত্মা /
_cমিরিয়াম গুর্কো; অনুবাদ মীর আবু সালেক
260 _aচট্টগ্রাম :
_bপিপলস পাবলিকেশন্স,
_c১৯৬৬
300 _a১৭৩ পৃ.;
_c১৯ সেমি.
600 _aমিলায়, এডনা সেন্ট ভিনসেন্ট,
_d১৮৯২-১৯৫০
_913348
600 _aMillay, Edna St. Vincent,
_d1892-1950
_913349
700 _aসালেক, মীর আবু
_913350
942 _2ddc
_cBK
999 _c83918
_d83918